Container Handling in Haldia Dock Complex Kolkata Port Trust(KPT) / (Record no. 2488)

000 -LEADER
fixed length control field 00929nam a2200265 a 4500
008 - FIXED-LENGTH DATA ELEMENTS--GENERAL INFORMATION
fixed length control field 200319s2014 ii ad||g m|||a00| 0 eng d
040 ## - CATALOGING SOURCE
Original cataloging agency IMU Kochi Library
Language of cataloging eng
041 0# - LANGUAGE CODE
Language code of text/sound track or separate title eng
044 ## - COUNTRY OF PUBLISHING/PRODUCING ENTITY CODE
MARC country code ii
082 04 - DEWEY DECIMAL CLASSIFICATION NUMBER
Edition number 23
Classification number 378.242
Item number IRM1318
100 1# - MAIN ENTRY--PERSONAL NAME
Researcher Prathapchandran, S. S.
Relator term Researcher
245 10 - TITLE STATEMENT
Title Container Handling in Haldia Dock Complex Kolkata Port Trust(KPT) /
260 ## - PUBLICATION, DISTRIBUTION, ETC. (IMPRINT)
Place of publication, distribution, etc Kochi :
Name of publisher, distributor, etc Indian Maritime University,
Date of publication, distribution, etc 2014
300 ## - PHYSICAL DESCRIPTION
Extent 48 p. :
Other physical details ill., charts ;
Dimensions 29 cm.
490 0# - SERIES STATEMENT
Series statement MBA Internship 2013-15 ;
Volume number/sequential designation 13500081013
502 ## - DISSERTATION NOTE
Dissertation note Internship (MBA)–Indian Maritime University. School of Maritime Management, 2014.
610 20 - SUBJECT ADDED ENTRY--CORPORATE NAME
Corporate name or jurisdiction name as entry element Kolkata Port Trust(KPT)
650 #0 - SUBJECT ADDED ENTRY--TOPICAL TERM
Topical term or geographic name as entry element Container terminals
650 #0 - SUBJECT ADDED ENTRY--TOPICAL TERM
Topical term or geographic name as entry element Port au Port Peninsula (N.L.)
655 #7 - INDEX TERM--GENRE/FORM
Source of term lcsh
Genre/form data or focus term Dissertations, Academic
Chronological subdivision 2014
700 1# - ADDED ENTRY--PERSONAL NAME
Guide(s) P. A., Jayan
Titles and other words associated with a name Dr.
Relator term Guide
852 ## - LOCATION/CALL NUMBER
Location IMU Kochi Library
904 ## - LOCAL DATA ELEMENT D, LDD (RLIN)
CATALOGER Reshma Rajesh
942 ## - ADDED ENTRY ELEMENTS (KOHA)
Item type Thesis
Holdings
Withdrawn status Lost status Source of classification or shelving scheme Damaged status Not for loan Collection code Permanent location Current location Shelving location Date acquired Total Checkouts Full call number Barcode Date last seen Date last borrowed Koha item type
          Internship Report MBA IMU Kochi Library IMU Kochi Library Reference 2015-06-27 1 378.242 IRM1318 TH0175 2022-09-15 2020-06-17 Thesis


Copyright © All Rights Reserved by Indian Maritime University, Kochi Campus.
For any Suggestions/Query Contact to library or Email: library.kochi@imu.ac.in Ph:(0484)-2989402
(Web OPAC Designed by Rudra Ranjan. Maintained by IMU Kochi Library)

Powered by Koha